00453nam a2200109Ia 4500008004100000050002600041100003300067245012200100260008600222300002000308521001500328140724s9999 xx 000 0 und d aBF 698.4b.So677 2013 aSobremonte, Norman Julian L. aPersonality types and music preferences of selected local band members in Quezon City /cNorman Julian L. Sobremonte. aLas Piñas, Philippines :bSouthville International School and Colleges,cc2013. a57 p. :c28 cm. aPsychology